[Event "Mechanics' Fall TNM; 30/90, SD/30"]
[Site "San Francisco"]
[Date "2013.11.05"]
[Round "3.4"]
[White "Doyle, Bryon"]
[Black "Lacounte, Brendan"]
[Result "1-0"]
[WhiteElo "2076"]
[BlackElo "1921"]
[PlyCount "47"]
[EventDate "2013.??.??"]

1. e4 c6 2. Nf3 d6 3. Bc4 Bg4 4. Bxf7+ Kxf7 5. Ng5+ Ke8 6. Qxg4 e5 7. Qe6+ Qe7
8. Qc8+ Qd8 9. Qxd8+ Kxd8 10. Nf7+ Ke8 11. Nxh8 Nf6 12. d3 Nbd7 13. f4 Be7 14.
O-O Kf8 15. fxe5 dxe5 16. g4 Bc5+ 17. Kh1 Kg8 18. Nf7 Nxg4 19. Ng5 Ndf6 20. h3
Nf2+ 21. Kg2 Nh5 22. Rxf2 Bxf2 23. Kxf2 Rf8+ 24. Nf3 1-0

[Event "Mechanics' Summer TNM; 30/90, SD/30"]
[Site "San Francisco"]
[Date "2013.06.25"]
[Round "5.7"]
[White "Doyle, Bryon"]
[Black "Li, William"]
[Result "1-0"]
[WhiteElo "2052"]
[BlackElo "1787"]
[PlyCount "65"]
[EventDate "2013.??.??"]

1. e4 c6 2. Nf3 d5 3. Nc3 dxe4 4. Nxe4 Bf5 5. Ng3 Bg6 6. h4 h6 7. Ne5 Bh7 8.
Qh5 g6 9. Bc4 e6 10. Qe2 Bg7 11. Nxf7 Qe7 12. Nxh8 Bxh8 13. Qxe6 Nd7 14. d3
O-O-O 15. Qxe7 Nxe7 16. Bxh6 Bxb2 17. Rb1 Bc3+ 18. Bd2 Be5 19. O-O Bg8 20. Bxg8
Nxg8 21. Rfe1 Ngf6 22. Be3 Bc3 23. Re2 Nd5 24. Ne4 Nf8 25. Bxa7 Ne6 26. Be3 Nd4
27. Bxd4 Bxd4 28. g3 c5 29. a3 Kc7 30. c4 Nc3 31. Nxc3 Bxc3 32. Re7+ Rd7 33.
Rxb7+ 1-0

[Event "Mechanics' Neil Falconer TNM; 30/90, SD"]
[Site "San Francisco"]
[Date "2013.08.20"]
[Round "3.1"]
[White "Doyle, Bryon"]
[Black "Manvelyan, Hayk"]
[Result "0-1"]
[WhiteElo "2046"]
[BlackElo "2340"]
[Annotator "Donaldson"]
[PlyCount "94"]
[EventDate "2013.??.??"]

1. e4 c5 2. Nf3 e6 3. d4 cxd4 4. Nxd4 Nf6 5. Nc3 d6 6. g3 Be7 7. Bg2 O-O 8. O-O
a6 9. Be3 Qc7 10. Qe2 Nc6 11. Qc4 Bd7 12. Nd5 exd5 13. exd5 Rfc8 14. dxc6 bxc6
15. Bf4 Qb6 16. Be3 d5 17. Qb3 Qc7 18. Bf4 Bd6 19. Bxd6 Qxd6 20. Qd3 c5 21. Nf5
Bxf5 22. Qxf5 g6 23. Qd3 Rab8 24. b3 Rd8 25. Rad1 d4 26. Rfe1 Re8 27. a4 a5 28.
Qd2 Qc7 29. Qg5 Kg7 30. Qd2 Rbd8 31. Rxe8 Rxe8 32. Re1 Rxe1+ 33. Qxe1 h5 34. h4
Ng4 35. Qe4 Qb6 36. Bh3 Nf6 37. Qe7 (37. Qe2 $11) 37... c4 $5 38. Bf1 $4 (38.
bxc4 Qb1+ 39. Bf1 Qxc2 40. Qd6 Qxa4 41. Qxd4 $11) 38... d3 $1 $19 39. Bxd3 cxd3
40. cxd3 Qxb3 41. g4 Qd1+ 42. Kh2 Nxg4+ 43. Kg3 Qxd3+ 44. f3 Nf6 45. Qe5 Qd5
46. Qc3 Qf5 47. Qd2 Qg4+ 0-1

[Event "Mechanics' Neil Falconer TNM; 30/90, SD"]
[Site "San Francisco"]
[Date "2013.09.17"]
[Round "7.5"]
[White "Doyle, Bryon"]
[Black "Manvelyan, Hovik"]
[Result "1-0"]
[WhiteElo "2046"]
[BlackElo "1922"]
[PlyCount "51"]
[EventDate "2013.??.??"]

1. e4 e6 2. d4 d5 3. e5 c5 4. Nf3 Qb6 5. Bd3 Bd7 6. O-O Bb5 7. Bxb5+ Qxb5 8.
Nc3 Qd7 9. Ne2 Nc6 10. c3 cxd4 11. cxd4 h6 12. Be3 Bb4 13. a3 Ba5 14. Ng3 Nge7
15. Nh5 O-O {Diagram #} 16. Bxh6 $1 Nf5 17. Bxg7 Bd8 18. Bf6 Kh7 19. Ng5+ Kh6
20. Nf4 Ng7 21. Bxg7+ Kxg7 22. Qg4 Bxg5 23. Qxg5+ Kh8 24. Qf6+ Kh7 25. Nh5 Rg8
26. Qh4 1-0

[Event "Mechanics' Neil Falconer TNM; 30/90, SD"]
[Site "San Francisco"]
[Date "2013.09.03"]
[Round "5.8"]
[White "Doyle, Bryon"]
[Black "McCarty - Snead, Callaghan"]
[Result "1-0"]
[WhiteElo "2046"]
[BlackElo "1736"]
[PlyCount "67"]
[EventDate "2013.??.??"]

1. e4 e5 2. Nf3 Nc6 3. Bc4 Bc5 4. b4 Bxb4 5. c3 Ba5 6. d4 exd4 7. O-O d6 8. Qb3
Qe7 9. cxd4 Nf6 10. d5 Ne5 11. Nxe5 Qxe5 12. Qa4+ Bd7 13. Qxa5 O-O 14. Qc3 Nxe4
15. Qxe5 dxe5 16. Ba3 Rfe8 17. f3 Nd6 18. Bxd6 cxd6 19. Nd2 f5 20. Rab1 b6 21.
Ba6 Bc8 22. Bb5 Rd8 23. Rfc1 Bb7 24. Bc6 Bxc6 25. Rxc6 Rac8 26. Rbc1 Rxc6 27.
Rxc6 b5 28. Nb3 Rd7 29. Na5 Kf7 30. Ra6 Kg6 31. Nc6 Kg5 32. Rxa7 Rxa7 33. Nxa7
b4 34. Nc6 1-0

[Event "Mechanics' Summer TNM; 30/90, SD/30"]
[Site "San Francisco"]
[Date "2013.06.11"]
[Round "3.18"]
[White "Doyle, Bryon"]
[Black "Nelson, Christopher"]
[Result "1-0"]
[WhiteElo "2052"]
[BlackElo "1676"]
[PlyCount "61"]
[EventDate "2013.??.??"]

1. e4 e5 2. Nf3 Nc6 3. Bc4 Nf6 4. d4 exd4 5. O-O Be7 6. e5 Ne4 7. Bd5 Ng5 8.
Nxg5 Bxg5 9. Qh5 Nxe5 10. Bxg5 g6 11. Bxd8 gxh5 12. Bf6 Ng6 13. Re1+ Kf8 14.
Bxh8 Nxh8 15. Nd2 d6 16. Re2 c6 17. Bf3 Bg4 18. Rae1 Ng6 19. Bxg4 hxg4 20. g3
d5 21. f3 h5 22. fxg4 hxg4 23. Nb3 f6 24. Rf1 Kg7 25. Nxd4 c5 26. Ne6+ Kg8 27.
Rxf6 Ne7 28. Nc7 Rf8 29. Rxf8+ Kxf8 30. Rxe7 Kxe7 31. Nxd5+ 1-0

[Event "Mechanics' Winter TNM; 30/90, SD/30"]
[Site "San Francisco"]
[Date "2013.02.19"]
[Round "7.10"]
[White "Doyle, Bryon"]
[Black "Ochoa, Jason"]
[Result "1-0"]
[WhiteElo "2015"]
[BlackElo "1913"]
[PlyCount "87"]
[EventDate "2013.??.??"]

1. e4 c5 2. Nf3 g6 3. d4 Bg7 4. c3 Nf6 5. e5 Nd5 6. dxc5 Nc7 7. Bc4 Nc6 8. Qe2
O-O 9. O-O Na6 10. b4 Nc7 11. Rd1 b5 12. Bb3 a5 13. Bd2 axb4 14. cxb4 d5 15.
cxd6 exd6 16. Bc3 Qe7 17. Rxd6 Bb7 18. Qb2 Nxe5 19. Nxe5 Qxd6 20. Nxf7 Rxf7 21.
Bxg7 Ne6 22. Be5 Qc6 23. f3 Qb6+ 24. Qf2 Qc6 25. Nd2 Re8 26. Ne4 Rd8 27. Re1 h6
28. Nd6 Rxd6 29. Bxd6 Qxd6 30. Bxe6 Kg7 31. Bxf7 Kxf7 32. Qc5 Qd7 33. Qe3 Kg7
34. Qe5+ Kf7 35. Kf2 Bd5 36. Rd1 Qa7+ 37. Qd4 Qxd4+ 38. Rxd4 Bxa2 39. Rd6 Bc4
40. Ke3 Be6 41. Rb6 Bc4 42. f4 Bf1 43. g3 Bc4 44. Kd4 1-0

[Event "Mechanics' Spring TNM; 30/90, SD/30"]
[Site "San Francisco"]
[Date "2013.05.07"]
[Round "8.29"]
[White "Doyle, Bryon"]
[Black "Rosenstein, Perry"]
[Result "1-0"]
[WhiteElo "2005"]
[BlackElo "1513"]
[PlyCount "69"]
[EventDate "2013.??.??"]

1. e4 c6 2. Nf3 d5 3. Nc3 dxe4 4. Nxe4 Bf5 5. Ng3 Bg6 6. h4 h6 7. Ne5 Bh7 8.
Qh5 g6 9. Qf3 Nf6 10. Qb3 Qd5 11. d4 Qxb3 12. axb3 e6 13. Bd2 Bd6 14. Be2 Nbd7
15. Bxh6 Nxe5 16. Bg7 Rg8 17. Bxf6 Nd7 18. Bg5 Bxg3 19. fxg3 f6 20. Bd2 O-O-O
21. Rxa7 Kb8 22. Ra3 e5 23. Bb4 Kc7 24. Bc4 Rh8 25. Ba5+ b6 26. Bc3 exd4 27.
Bxd4 Rhe8+ 28. Kf2 Re4 29. Bc3 b5 30. Bd3 Rg4 31. Be2 Re4 32. Bf3 Re6 33. Rd1
g5 34. Ra7+ Kc8 35. Ba5 1-0

[Event "Mechanics' Winter TNM; 30/90, SD/30"]
[Site "San Francisco"]
[Date "2013.02.26"]
[Round "8.9"]
[White "Doyle, Bryon"]
[Black "Rudyak, Felix"]
[Result "1-0"]
[WhiteElo "2015"]
[BlackElo "1956"]
[Annotator "Donaldson"]
[PlyCount "41"]
[EventDate "2013.??.??"]

1. e4 c5 2. Nf3 d6 3. d4 cxd4 4. Nxd4 Nf6 5. Nc3 a6 6. Bc4 e6 7. Bb3 Nbd7 8. f4
Nc5 9. f5 e5 10. Nf3 b5 $5 11. Bd5 (11. Bg5 Nxb3 12. Bxf6 gxf6 13. axb3 Bb7)
11... Bb7 (11... Nxd5 12. Nxd5 Nxe4 13. Be3 Rb8 14. O-O) 12. Bxb7 Nxb7 13. Bg5
Be7 14. Bxf6 gxf6 15. b4 d5 16. Nxd5 Nd6 17. O-O Nxe4 (17... Nc4 18. a4) 18.
Re1 Nc3 (18... Nd6 19. Nxe5) 19. Nxc3 Qb6+ (19... Bxb4 20. Qd5) 20. Kh1 Bxb4
21. Nd5 1-0

[Event "Mechanics' Spring TNM; 30/90, SD/30"]
[Site "San Francisco"]
[Date "2013.04.02"]
[Round "3.12"]
[White "Doyle, Bryon"]
[Black "Sarafian, Greg"]
[Result "0-1"]
[WhiteElo "2005"]
[BlackElo "1815"]
[PlyCount "54"]
[EventDate "2013.??.??"]

1. e4 e5 2. Nf3 Nc6 3. Bc4 Nf6 4. Ng5 d5 5. exd5 Na5 6. Bb5+ c6 7. dxc6 bxc6 8.
Bd3 Nd5 9. h4 Nf4 10. Bf1 Bc5 11. Ne4 Bb6 12. g3 Ne6 13. Bg2 O-O 14. d3 f5 15.
Ng5 Qd4 16. Qe2 Qd6 17. Be3 Rb8 18. c3 Ba6 19. Na3 Bxd3 20. Rd1 e4 21. Nxe4
fxe4 22. Bxe4 Bxe2 23. Rxd6 Bxe3 24. Kxe2 Bc5 25. Rxe6 Rxb2+ 26. Kd3 Rd8+ 27.
Bd5 Rxd5+ 0-1

[Event "Mechanics' Summer TNM; 30/90, SD/30"]
[Site "San Francisco"]
[Date "2013.07.09"]
[Round "7.4"]
[White "Doyle, Bryon"]
[Black "Shakhnazarov, Oleg"]
[Result "1-0"]
[WhiteElo "2052"]
[BlackElo "2198"]
[Annotator "Donaldson"]
[PlyCount "91"]
[EventDate "2013.??.??"]

1. e4 e6 2. d4 Be7 3. Nf3 d6 4. Nc3 Nd7 5. Bd3 g5 6. e5 d5 7. h4 $1 gxh4 8.
Nxh4 $1 Nf8 (8... Bxh4 9. Qg4 Bf6 10. exf6 Ngxf6 11. Qh4 $18) 9. Qg4 Bxh4 10.
Rxh4 Ng6 11. Bxg6 fxg6 12. Rxh7 Rxh7 13. Qxg6+ Rf7 14. Qxg8+ Rf8 15. Qg6+ Kd7
16. Nxd5 $1 Kc6 (16... exd5 17. e6+ Kd6 18. e7+ Kxe7 19. Bg5+) 17. Nb4+ Kd7 18.
d5 Qe7 19. Nd3 b6 20. Bh6 Bb7 (20... Re8 21. Bg5) 21. Bxf8 Rxf8 22. Qxe6+ Qxe6
23. dxe6+ Kxe6 24. g3 Bf3 25. Kd2 c5 26. Ke3 Bc6 27. Nf4+ Kf5 28. Rd1 Rc8 29.
Rd6 Kxe5 30. Rh6 Kf5 31. f3 Re8+ 32. Kf2 Rc8 33. Rh5+ Kf6 34. g4 c4 35. Rf5+
Kg7 36. Nh5+ Kg8 37. c3 Rd8 38. Re5 Rd2+ 39. Re2 Rd3 40. Nf6+ Kf7 41. Ne4 b5
42. f4 a5 43. f5 b4 44. cxb4 axb4 45. Re3 Rd4 46. Ng5+ 1-0

[Event "Mechanics' Neil Falconer TNM; 30/90, SD"]
[Site "San Francisco"]
[Date "2013.08.06"]
[Round "1.9"]
[White "Doyle, Byron"]
[Black "Salvo, Tab"]
[Result "1-0"]
[WhiteElo "2046"]
[BlackElo "1663"]
[Annotator "Donaldson"]
[PlyCount "49"]
[EventDate "2013.??.??"]

1. e4 c5 2. Nf3 d6 3. d4 cxd4 4. Nxd4 Nf6 5. Nc3 a6 6. Bc4 b5 7. Bb3 (7. Bd5 $5
) 7... Bb7 8. f3 (8. O-O) 8... e6 9. O-O Nbd7 10. Re1 Be7 $2 11. Bxe6 $1 fxe6
12. Nxe6 Qc8 13. Nxg7+ Kf7 14. Nf5 Qc7 15. Bf4 Ne5 16. Bg5 Bf8 17. Kh1 h6 18.
Bxf6 Kxf6 19. f4 Nf7 20. Ne3 Kg7 21. Qg4+ Kh7 22. Qf5+ Kg8 23. Ncd5 Qd8 24.
Nf6+ Kg7 25. Nh5+ 1-0

[Event "Mechanics' Neil Falconer TNM; 30/90, SD"]
[Site "San Francisco"]
[Date "2013.08.20"]
[Round "3.23"]
[White "Drane, Robert"]
[Black "Cole, Tony"]
[Result "1-0"]
[WhiteElo "1811"]
[BlackElo "1400"]
[PlyCount "61"]
[EventDate "2013.??.??"]

1. e4 Nc6 2. d4 d5 3. e5 Bf5 4. Ne2 e6 5. Ng3 Bg6 6. Be3 a6 7. c3 Nge7 8. Nd2
Qd7 9. Be2 Nf5 10. Nxf5 Bxf5 11. O-O O-O-O 12. b4 Ne7 13. a4 f6 14. f4 h6 15.
Nb3 g5 16. b5 axb5 17. axb5 b6 18. Ra7 Nc6 19. bxc6 Qxc6 20. Qa1 Kd7 21. Qa6
Ke7 22. Nc5 Bg7 23. Bb5 Qa8 24. Rxa8 Rxa8 25. Qb7 bxc5 26. Qxc7+ Kf8 27. exf6
Bxf6 28. g4 gxf4 29. gxf5 Rg8+ 30. Kh1 fxe3 31. fxe6 1-0

[Event "Mechanics' Neil Falconer TNM; 30/90, SD"]
[Site "San Francisco"]
[Date "2013.09.17"]
[Round "7.18"]
[White "Drane, Robert"]
[Black "Nyangar, Enkhmaa"]
[Result "1-0"]
[WhiteElo "1811"]
[BlackElo "1570"]
[PlyCount "63"]
[EventDate "2013.??.??"]

1. e4 c5 2. Nf3 Nc6 3. Bb5 a6 4. Bxc6 bxc6 5. O-O d6 6. h3 Nf6 7. Re1 e5 8. c3
Be7 9. d4 cxd4 10. cxd4 Nd7 11. dxe5 dxe5 12. Nbd2 O-O 13. Nc4 Qc7 14. Be3 Bb7
15. Rc1 f5 16. Ng5 Bxg5 17. Bxg5 fxe4 18. Be7 Rf7 19. Bd6 Qd8 20. Qb3 Qc8 21.
Bxe5 Nc5 22. Qe3 Nd3 23. Nd6 Qe6 24. Nxf7 Qxf7 25. Qg3 Re8 26. Bc3 c5 27. Rcd1
Nxe1 28. Rxe1 h6 29. Rd1 Bd5 $4 {Diagram #} 30. Rxd5 Re6 31. Re5 Rg6 32. Qe3
1-0

[Event "Mechanics' Fall TNM; 30/90, SD/30"]
[Site "San Francisco"]
[Date "2013.11.26"]
[Round "6.28"]
[White "Drane, Robert"]
[Black "Schlosberg, Max"]
[Result "0-1"]
[WhiteElo "1811"]
[BlackElo "1287"]
[PlyCount "68"]
[EventDate "2013.??.??"]

1. e4 e5 2. Bc4 Bc5 3. Nc3 Nc6 4. d3 d6 5. Na4 Bb6 6. Nxb6 axb6 7. c3 Na5 8.
Bb5+ Bd7 9. Bxd7+ Qxd7 10. f4 Nc6 11. Nf3 Ra5 12. O-O Nge7 13. b4 Ra8 14. b5
Na7 15. c4 Ng6 16. f5 Ne7 17. Ng5 h6 18. Nh3 f6 19. Qh5+ Kf8 20. Ng5 fxg5 21.
f6 Ng8 22. fxg7+ Kxg7 23. Bxg5 hxg5 24. Qxg5+ Kh7 25. Rf3 Nh6 26. Raf1 Qg7 27.
Qxg7+ Kxg7 28. Rg3+ Kh7 29. Rf6 Raf8 30. Re6 Nc8 31. Rgg6 Nf7 32. Rg3 Nd8 33.
Rh3+ Kg7 34. Rg3+ Kf7 0-1

[Event "Mechanics' Fall TNM; 30/90, SD/30"]
[Site "San Francisco"]
[Date "2013.12.17"]
[Round "9.16"]
[White "Drane, Robert"]
[Black "Stevens, Thomas"]
[Result "0-1"]
[WhiteElo "1811"]
[BlackElo "2036"]
[PlyCount "78"]
[EventDate "2013.??.??"]

1. e4 e6 2. Nf3 Nc6 3. d4 Nce7 4. Bg5 f6 5. Be3 g6 6. Bd3 Nh6 7. Qd2 Ng4 8. Bf4
h5 9. h3 Nh6 10. Nc3 Nf7 11. O-O-O g5 12. Be3 d6 13. e5 Nf5 14. Bxf5 exf5 15.
g3 g4 16. hxg4 fxg4 17. exf6 gxf3 18. Rhe1 Kd7 19. Ne4 b6 20. c4 Ba6 21. Qb4 c6
22. d5 cxd5 23. cxd5 Qc8+ 24. Kb1 Qc4 25. Qxc4 Bxc4 26. Rd4 Ne5 27. Rc1 Rc8 28.
Ka1 Bh6 29. Bf4 Bxf4 30. gxf4 Bd3 31. Rd1 Bxe4 32. fxe5 Bg6 33. e6+ Kd8 34. Re1
h4 35. Rd2 h3 36. a3 h2 37. Rh1 Bf5 38. Rd4 Bc2 39. Rf4 Bb3 0-1

[Event "Mechanics' Neil Falconer TNM; 30/90, SD"]
[Site "San Francisco"]
[Date "2013.09.03"]
[Round "5.19"]
[White "Drane, Robert"]
[Black "Vichik, Adam"]
[Result "1-0"]
[WhiteElo "1811"]
[BlackElo "1262"]
[PlyCount "59"]
[EventDate "2013.??.??"]

1. e4 e6 2. d4 d5 3. Nc3 Bb4 4. e5 c5 5. a3 Bxc3+ 6. bxc3 cxd4 (6... Qc7 7. h4
$2 (7. Nf3 cxd4 8. cxd4 Qc3+ 9. Bd2) 7... cxd4 8. cxd4 Qc3+ 9. Bd2 Qxd4) (6...
Ne7) 7. cxd4 Qc7 8. Bd2 (8. Nf3 Ne7 9. Bd3 Nbc6 10. O-O Bd7 11. a4 O-O-O 12.
Ba3) 8... Nc6 9. Nf3 Nge7 10. Bd3 Bd7 11. O-O Rc8 (11... O-O 12. Bxh7+ Kxh7 13.
Ng5+ Kg8 (13... Kg6 14. Qg4 f6 15. Nxe6+ Kf7 16. Qxg7+ Kxe6 17. exf6) 14. Qh5)
12. Qe2 Ng6 13. h4 a6 14. Rfc1 Nce7 15. h5 Nf8 16. h6 gxh6 (16... g6 17. c4 $1)
17. Bxh6 Neg6 18. c4 Rg8 19. cxd5 Qd8 20. Rxc8 Bxc8 21. d6 Nh4 22. Ne1 b5 23.
Be4 f5 24. Qh5+ Rg6 25. Bc6+ Bd7 26. Rc1 Bxc6 27. Rxc6 Qa8 28. Qxh4 Qd8 29. Rc8
Rxg2+ 30. Nxg2 1-0

[Event "Mechanics' Fall TNM; 30/90, SD/30"]
[Site "San Francisco"]
[Date "2013.11.05"]
[Round "3.21"]
[White "Drane, Robert"]
[Black "Weiss, Nicholas G"]
[Result "0-1"]
[WhiteElo "1811"]
[BlackElo "1191"]
[PlyCount "88"]
[EventDate "2013.??.??"]

1. e4 c6 2. d4 d5 3. e5 e6 4. Bd3 c5 5. c3 Nd7 6. f4 Nh6 7. Nf3 Qb6 8. Qc2 f5
9. Be3 Ng4 10. Bg1 Be7 11. h3 Nh6 12. Nbd2 O-O 13. Ng5 c4 14. Be2 Qc6 15. Ndf3
b5 16. Be3 Bb7 17. O-O Rac8 18. g3 a5 19. Nh2 Ba6 20. Kf2 b4 21. Nhf3 Bb5 22.
Rh1 a4 23. a3 bxc3 24. bxc3 Rb8 25. Bd1 Rb6 26. Qd2 Rfb8 27. Qa2 Ba6 28. Bc1
Nf7 29. Nxf7 Kxf7 30. Re1 h6 31. Re2 Nf8 32. Ne1 g5 33. Nc2 Rb3 34. Nb4 Bxb4
35. cxb4 Ng6 36. Re3 gxf4 37. gxf4 Nxf4 38. Rxb3 axb3 39. Bxb3 Nd3+ 40. Ke3 f4+
41. Kd2 cxb3 42. Qxb3 Bc4 43. Qd1 Rg8 44. Qh5+ Ke7 {remainder illegible} 0-1

[Event "Mechanics' Spring TNM; 30/90, SD/30"]
[Site "San Francisco"]
[Date "2013.04.16"]
[Round "5.28"]
[White "Duren, Fred"]
[Black "Cohee, James"]
[Result "1-0"]
[WhiteElo "1822"]
[BlackElo "1656"]
[PlyCount "67"]
[EventDate "2013.??.??"]

1. Nf3 Nf6 2. g3 d6 3. d4 Nbd7 4. Bg2 e5 5. O-O Be7 6. c4 O-O 7. Nc3 Re8 8. e4
Bf8 9. h3 c6 10. Be3 a6 11. Nh4 Qc7 12. f4 b5 13. fxe5 dxe5 14. cxb5 cxb5 15.
d5 Bc5 16. Bf2 g6 17. Kh2 Nh5 18. Qf3 Rf8 19. Rac1 Bxf2 20. Rxf2 Qd8 21. Qe3
Nb6 22. Qh6 Ng7 23. Rcf1 Ra7 24. Nf3 f6 25. Nxe5 Qd6 26. Nc6 Raf7 27. e5 fxe5
28. Rxf7 Rxf7 29. Rxf7 Kxf7 30. Ne4 Qf8 31. Nxe5+ Ke8 32. Qc1 Nc4 33. Nxc4 bxc4
34. Qxc4 1-0

[Event "Mechanics' Spring TNM; 30/90, SD/30"]
[Site "San Francisco"]
[Date "2013.04.09"]
[Round "4.25"]
[White "Ebert, John"]
[Black "Brown, Nicholas"]
[Result "1/2-1/2"]
[WhiteElo "1713"]
[BlackElo "1570"]
[PlyCount "49"]
[EventDate "2013.??.??"]

1. d4 d5 2. Nf3 e6 3. c4 c6 4. e3 Nf6 5. Nc3 Be7 6. Bd3 dxc4 7. Bxc4 b5 8. Bd3
O-O 9. O-O a6 10. a3 Bb7 11. b4 a5 12. Rb1 axb4 13. axb4 Na6 14. e4 Nxb4 15. e5
Nfd5 16. Nxd5 Nxd5 17. g4 Nc3 18. Bxh7+ Kh8 19. Qd2 Nxb1 20. Bxb1 c5 21. Qd3 g6
22. Qe3 Qd5 23. Qh6+ Kg8 24. Bxg6 fxg6 25. Qxg6+ 1/2-1/2

[Event "Mechanics' Neil Falconer TNM; 30/90, SD"]
[Site "San Francisco"]
[Date "2013.08.06"]
[Round "1.32"]
[White "Ebert, John"]
[Black "Farzaneh-Far, Ramin"]
[Result "1-0"]
[WhiteElo "1735"]
[BlackElo "2042"]
[PlyCount "88"]
[EventDate "2013.??.??"]

1. d4 Nf6 2. Nf3 g6 3. c4 Bg7 4. Nc3 O-O 5. e4 d6 6. Be2 e5 7. d5 a5 8. Bg5 h6
9. Bh4 Na6 10. a3 g5 11. Bg3 Nc5 12. Nd2 a4 13. O-O Kh8 14. f3 Nh5 15. Bf2 Nf4
16. Bxc5 dxc5 17. g3 Nh3+ 18. Kh1 Bd7 19. b4 axb3 20. Nxb3 Qe7 21. Nb5 Bxb5 22.
cxb5 b6 23. Kg2 Qd7 24. a4 Rg8 25. a5 Bf6 26. axb6 cxb6 27. Ra6 c4 28. Bxc4
Rac8 29. Nd2 Bd8 30. Qa1 f6 31. Ra8 Rxc4 32. Nxc4 Qxb5 33. Nd6 Qe2+ 34. Kxh3 h5
35. g4 hxg4+ 36. fxg4 Qe3+ 37. Kg2 Qe2+ 38. Kh1 Qxg4 39. Qd1 Qd7 40. Qh5+ Kg7
41. Nf5+ Kf8 42. Rfa1 Qc7 43. Rxd8+ Qxd8 44. Ra7 Qe8 1-0

[Event "Mechanics' Spring TNM; 30/90, SD/30"]
[Site "San Francisco"]
[Date "2013.04.23"]
[Round "6.30"]
[White "Ebert, John"]
[Black "McCarty-Snead, Callaghan"]
[Result "1-0"]
[WhiteElo "1713"]
[BlackElo "1485"]
[PlyCount "55"]
[EventDate "2013.??.??"]

1. d4 d5 2. Nf3 Nf6 3. c4 c6 4. Nc3 Bf5 $2 5. Qb3 $6 (5. cxd5 $1 cxd5 6. Qb3
Qb6 7. Nxd5 Qxb3 8. Nxf6+ $16) 5... Qb6 6. c5 Qxb3 7. axb3 Nbd7 8. Bf4 e6 9. h3
Be7 10. e3 O-O 11. Be2 b6 12. b4 a5 13. bxa5 (13. b5 $1 cxb5 14. c6 Nb8 15. c7
Na6 16. Nxb5 $18) 13... bxc5 (13... Rxa5 $142) 14. O-O cxd4 15. Nxd4 c5 16.
Nxf5 exf5 17. Rfd1 $18 d4 18. exd4 cxd4 19. Rxd4 Bc5 20. Rdd1 Bb4 21. a6 Bxc3
22. bxc3 Rfc8 23. Bf3 Ra7 24. Be3 Rac7 25. a7 Ne4 26. Bxe4 fxe4 27. a8=Q Rxa8
28. Rxa8+ 1-0

[Event "Mechanics' Fall TNM; 30/90, SD/30"]
[Site "San Francisco"]
[Date "2013.10.29"]
[Round "2.7"]
[White "Ebert, John"]
[Black "Morton, Adam"]
[Result "0-1"]
[WhiteElo "1862"]
[BlackElo "2033"]
[Annotator "Donaldson"]
[PlyCount "118"]
[EventDate "2013.??.??"]

1. d4 d5 2. Nf3 Nf6 3. c4 c6 4. e3 e6 5. Nc3 Nbd7 6. Bd3 dxc4 7. Bxc4 b5 8. Bd3
Bb7 9. O-O a6 10. a3 c5 11. Re1 Qb6 12. Ne5 Rd8 13. Nxd7 Nxd7 14. Be4 cxd4 15.
exd4 Bxe4 16. Nxe4 Nf6 17. Nxf6+ gxf6 18. Qf3 Be7 19. Bh6 Rg8 20. Rad1 Rd5 21.
g3 Kd7 22. Be3 h5 23. Re2 Qc6 24. Rc1 Rc5 25. Qxc6+ Rxc6 26. Rec2 Rgc8 27. Rxc6
Rxc6 28. Kf1 Rxc1+ 29. Bxc1 Kc6 30. Ke2 Kd5 31. Kd3 f5 32. Bd2 h4 33. f4 Bd8
34. b4 h3 35. Bc3 Bb6 36. Bb2 f6 37. Bc3 {Diagram #} e5 $1 38. fxe5 fxe5 39.
dxe5 Bf2 40. Ke2 Bxg3 41. Kf3 Bxh2 42. Be1 Bxe5 43. Bf2 Bb2 44. Kg3 Bxa3 45.
Be1 Ke4 46. Kxh3 f4 47. Kg2 Bc1 48. Kf2 Be3+ 49. Ke2 Bb6 50. Bf2 f3+ 51. Ke1
Bd4 52. Kf1 Bc3 53. Bc5 a5 54. bxa5 Bxa5 55. Ba3 Bc3 56. Bc1 b4 57. Kf2 b3 58.
Kf1 b2 59. Bxb2 Bxb2 0-1

[Event "Mechanics' Summer TNM; 30/90, SD/30"]
[Site "San Francisco"]
[Date "2013.06.11"]
[Round "3.24"]
[White "Filho, Murilo"]
[Black "Abraham, Renjish"]
[Result "0-1"]
[WhiteElo "1622"]
[BlackElo "1878"]
[PlyCount "48"]
[EventDate "2013.??.??"]

1. d4 Nf6 2. Nf3 g6 3. g3 Bg7 4. Bg2 O-O 5. O-O d5 6. b3 e6 7. Bb2 Nbd7 8. Nbd2
c5 9. e3 b5 10. Rc1 Rb8 11. dxc5 Nxc5 12. Be5 Rb6 13. Qe2 Nfd7 14. Bxg7 Kxg7
15. c4 bxc4 16. bxc4 Ba6 17. Rfd1 Rb2 18. Qe1 Nd3 19. Qf1 Nxc1 20. Rxc1 Qa5 21.
Qd1 Rxa2 22. Nb3 Qa4 23. cxd5 exd5 24. Qxd5 Nf6 0-1

[Event "Mechanics' Summer TNM; 30/90, SD/30"]
[Site "San Francisco"]
[Date "2013.06.25"]
[Round "5.35"]
[White "Filho, Murilo"]
[Black "Flores, David"]
[Result "0-1"]
[WhiteElo "1760"]
[BlackElo "1654"]
[PlyCount "64"]
[EventDate "2013.??.??"]

1. d4 Nf6 2. c4 e6 3. Nf3 Bb4+ 4. Bd2 Qe7 5. a3 Bxd2+ 6. Nbxd2 d6 7. e4 e5 8.
d5 a5 9. b4 Na6 10. Bd3 Bd7 11. b5 Nc5 12. Bc2 O-O 13. a4 g6 14. Qe2 Nh5 15. g3
c6 16. Nb3 cxb5 17. axb5 Bh3 18. Rg1 Qc7 19. Qe3 Nxb3 20. Bxb3 a4 21. Ba2 Bg4
22. h3 Qa5+ 23. Ke2 Bd7 24. Rgb1 f5 25. Ng5 f4 26. Qd3 Qb6 27. g4 f3+ 28. Kd2
Qxf2+ 29. Kc3 Nf4 30. Qc2 Ne2+ 31. Kb2 Qd4+ 32. Ka3 Qe3+ 0-1

[Event "Mechanics' Spring TNM; 30/90, SD/30"]
[Site "San Francisco"]
[Date "2013.04.23"]
[Round "6.26"]
[White "Filho, Murilo"]
[Black "Hilliard, Michael"]
[Result "1-0"]
[WhiteElo "1716"]
[BlackElo "1429"]
[PlyCount "49"]
[EventDate "2013.??.??"]

1. d4 d5 2. Nf3 Nf6 3. Bf4 e6 4. e3 c5 5. c3 Nc6 6. Bb5 Qb6 7. Bxc6+ bxc6 8.
Qb3 cxd4 9. exd4 c5 10. Qxb6 axb6 11. Bc7 Ra6 12. O-O Be7 13. Nbd2 O-O 14. a4
cxd4 15. Nxd4 Bd7 16. Nb5 Rfa8 17. Nb3 Ne4 $1 18. Bg3 Nc5 $4 (18... Rxa4 $19)
19. Nxc5 Bxb5 20. Nxa6 Bxf1 21. Nc7 Bc4 22. Nxa8 Bd8 23. Bc7 Bf6 24. Nxb6 Bb3
25. a5 1-0

[Event "Mechanics' Winter TNM; 30/90, SD/30"]
[Site "San Francisco"]
[Date "2013.02.19"]
[Round "7.28"]
[White "Filho, Murilo"]
[Black "Olson, David"]
[Result "0-1"]
[WhiteElo "1745"]
[BlackElo "1541"]
[PlyCount "48"]
[EventDate "2013.??.??"]

1. d4 d5 2. Nf3 Nf6 3. Bf4 g6 4. e3 Bg7 5. Nc3 O-O 6. h3 b6 7. Bd3 a6 8. O-O c5
9. Re1 c4 10. Bf1 b5 11. a3 Bf5 12. Nh4 Nc6 13. Nxf5 gxf5 14. Be2 Kh8 15. a4 b4
16. Nb1 Rg8 17. c3 Ne4 18. f3 Nd6 19. Nd2 Rb8 20. Qc2 b3 21. Qb1 e5 22. Bg3 Qg5
23. Bh2 Qxe3+ 24. Kh1 Qxd2 0-1

[Event "Mechanics' Spring TNM; 30/90, SD/30"]
[Site "San Francisco"]
[Date "2013.03.19"]
[Round "1.5"]
[White "Filho, Murilo"]
[Black "Rumph, Todd"]
[Result "0-1"]
[WhiteElo "1716"]
[BlackElo "2200"]
[Annotator "Rumph"]
[PlyCount "62"]
[EventDate "2013.??.??"]

1. d4 Nf6 2. Nf3 d5 3. c3 c5 4. Bf4 Nc6 5. e3 Qb6 6. Qb3 c4 7. Qxb6 axb6 8. Bc7
b5 9. Na3 b4 10. Nb5 Bf5 (10... e6 $1) 11. Bb6 Kd7 12. cxb4 e6 13. Bc5 Bxc5 14.
bxc5 Nb4 15. Ne5+ Ke7 16. Na3 Rxa3 17. bxa3 Nc2+ 18. Kd2 Nxa1 19. Be2 Ne4+ 20.
Kc1 h5 21. f3 Nc3 22. Bd1 Nxd1 23. Rxd1 f6 24. e4 Bh7 25. Nxc4 dxc4 26. Kb2 Rd8
27. Kxa1 e5 28. d5 Rc8 $2 (28... f5) 29. d6+ $2 (29. Rb1 $1 {
and Black still has lots of work to do}) 29... Kd7 30. Kb2 Rxc5 31. Kc3 Bg8 0-1